| 000 | 00556nam a2200205Ia 4500 | ||
|---|---|---|---|
| 005 | 20221123102751.0 | ||
| 008 | 131103s9999 xx 000 0 und d | ||
| 040 | _aLoreto College | ||
| 041 | _aEnglish | ||
| 082 |
_a821.8 _bARN-BRO |
||
| 100 | _aBrown, E.K. | ||
| 245 |
_aMatthew Arnold _b a study in conflict _cE.K.Brown |
||
| 260 |
_aChicago _bUniversity Of Chicago _c1966 |
||
| 300 | _axiii'224p. | ||
| 504 | _aIncludes index | ||
| 650 | _aArnold, Matthew - Criticism | ||
| 651 | _aEnglish poetry - Criticism | ||
| 850 | _aLCLIB | ||
| 942 | _cBK | ||
| 999 |
_c21489 _d71968 |
||